|
|
|
|
| LEADER |
00000nam0a2200000 4500 |
| 001 |
45966 |
| 005 |
20231031024221.0 |
| 010 |
|
|
|a 5790507980
|
| 035 |
|
|
|a (RuTPU)RU\TPU\book\47876
|
| 090 |
|
|
|a 45966
|
| 100 |
|
|
|a 20021219d2000 m y0rusy50 ca
|
| 101 |
0 |
|
|a rus
|
| 102 |
|
|
|a RU
|
| 105 |
|
|
|a y f 001zy
|
| 200 |
1 |
|
|a Энциклопедия закаливания
|e Советы начинающим. Методы закаливания
|f А. Н. Колгушкин
|
| 210 |
|
|
|a Москва
|c РИПОЛ классик
|d 2000
|
| 215 |
|
|
|a 416 с.
|
| 225 |
1 |
|
|a Народные целители
|
| 320 |
|
|
|a Библиогр.: с. 405-407
|
| 610 |
1 |
|
|a спорт
|
| 610 |
1 |
|
|a здоровье
|
| 610 |
1 |
|
|a закаливание
|
| 675 |
|
|
|a 796.035(03)
|v 3
|
| 700 |
|
1 |
|a Колгушкин
|b А. Н.
|g Александр Николаевич
|
| 801 |
|
1 |
|a RU
|b 63413507
|c 20021219
|g PSBO
|
| 801 |
|
2 |
|a RU
|b 63413507
|c 20030114
|g PSBO
|
| 942 |
|
|
|c BK
|